Zpátky na Balkán Thriller o návratu dvou českých veteránů do Bosny
Saved in:
| Main Author | |
|---|---|
| Format | Electronic eBook |
| Language | Czech |
| Published |
Jota
2026
|
| Edition | 1. elektronické vydání |
| Subjects | |
| Online Access | Dostupné v BOOKPORT po přihlášení pomocí eduID |
| ISBN | 978-80-7689-784-7 978-80-7689-783-0 |
| Physical Description | 1 online zdroj (263 stran) |
Cover
| LEADER | 00000nam a2200000 i 4500 | ||
|---|---|---|---|
| 001 | bkp198532646 | ||
| 003 | CZ-prgp | ||
| 005 | 20260507150414.0 | ||
| 006 | m o d | ||
| 007 | cr cn | ||
| 008 | 260507s2026 xr o 000 1 cze | ||
| 020 | |a 978-80-7689-784-7 |c 278 Kč |q (online ; epub) | ||
| 020 | |a 978-80-7689-783-0 |c 398 Kč |q (print) | ||
| 040 | |a Grada |b cze |e rda | ||
| 100 | 1 | |a Eduard, Krainer | |
| 245 | 1 | 0 | |a Zpátky na Balkán |b Thriller o návratu dvou českých veteránů do Bosny |c Krainer Eduard |
| 250 | |a 1. elektronické vydání | ||
| 264 | 1 | |b Jota |c 2026 | |
| 300 | |a 1 online zdroj (263 stran) | ||
| 336 | |a text |b txt |2 rdacontent | ||
| 337 | |a počítač |b c |2 rdamedia | ||
| 338 | |a online zdroj |b cr |2 rdacarrier | ||
| 520 | 3 | |a Pohraniční oblast Bosny a Republiky Srbská Krajina, 1995. Během jedné z rutinních patrol narazí čtyři čeští vojáci na bosenskou polovojenskou skupinu, která masakruje civilisty. V naprostém rozporu s rozkazy se do události vloží a útočníky eliminují. Na místě pak naleznou kufr plný nakradeného zlata. Ohromeni tím, čeho byli svědky, a překvapeni svým vlastním jednáním, ukryjí poklad na dně vodní nádrže a přísahají si, že o celé události nikdy nepromluví. Krátce nato oblast pohltí chorvatská ofenziva a jejich tajemství zmizí pod nánosem války. Česká republika, 2024. Jeden z bývalých vojáků, dnes zadlužený a s životem v rozkladu, se rozhodne vrátit pro potopený poklad. K výpravě přemluví dalšího člena jednotky a oba vyrážejí do míst, kam se už nikdy neměli vrátit. Jejich tehdejší čin však nezůstal zapomenut a v Bosně stále žijí lidé, kteří se touží pomstít. Návrat bývalých českých vojáků tak spustí řetězec událostí, v němž se minulost střetává se současností a každý krok může být poslední. Nový román Eduarda Krainera zavádí čtenáře mezi vojáky českého kontingentu mise UNPROFOR v občanskou válkou rozvrácené bývalé Jugoslávii, a především do současné Bosny, stále neklidné části Balkánu. | |
| 650 | 0 | 4 | |a Dobrodružství, napětí, thrillery |
| 650 | 0 | 4 | |a Česká současná beletrie |
| 856 | 4 | 0 | |u https://www.bookport.cz/AccountSaml/SignIn/?idp=https://shibboleth.utb.cz/idp/shibboleth&returnUrl=/kniha/zpatky-na-balkan-16057/ |y Dostupné v BOOKPORT po přihlášení pomocí eduID |